Statistics for Countries Russell Crowe has Visited

Click here to take the quiz!

General Stats

  • This quiz has been taken 9 times
  • The average score is 13 of 14

Answer Stats

ContinentCountry% Correct
OceaniaAustralia
100%
EuropeFrance
100%
EuropeGermany
100%
EuropeItaly
100%
AsiaJapan
100%
OceaniaNew Zealand
100%
EuropeSpain
100%
EuropeUnited Kingdom
100%
North AmericaUnited States of America
100%
EuropeGreece
89%
AfricaMorocco
89%
AsiaThailand
89%
EuropeCzech Republic
67%
EuropeMalta
67%

Score Distribution

Percentile by Number Answered

Percent of People with Each Score

Your Score History

You have not taken this quiz